FIFA Mobile World Cup Players - Statistics

General Stats
  • This quiz has been taken 63 times
  • The average score is 63 of 372
Answer Stats
Clue Answer % Correct
108 RW Argentina Messi
93%
108 LW France Mbappe
91%
105 ST Argentina | 108 GK Argentina | 90 RB Costa Rica Martinez
87%
108 RB Morocco Hakimi
76%
106 ST Portugal Ronaldo
70%
106 CAM Brazil Neymar
67%
108 CB England Stones
67%
108 CM Croatia Modric
63%
106 ST England Kane
57%
108 CB Brazil Silva
57%
108 LB France Hernandez
54%
106 LW South Korea Son
54%
108 CM England Bellingham
50%
106 ST Poland Lewandowski
50%
105 CB The Netherlands Van Dijk
50%
108 LM The Netherlands Gakpo
46%
108 CB Croatia Gvardiol
46%
105 LW Senegal Mane
46%
94 LB South Korea Su
46%
108 ST Argentina | 99 CDM Mexico Alvarez
43%
106 GK Belgium Courtois
43%
105 GK Germany Neuer
43%
106 LW Brazil Vini
43%
105 CF Belgium De Bruyne
41%
106 CM The Netherlands De Jong
41%
101 RW England Foden
41%
106 CDM Germany Kimmich
41%
105 CB Brazil Marquinhos
41%
108 ST Brazil Richarlison
41%
105 LM Canada | 99 CB Wales Davies
39%
105 RM Argentina Di Maria
39%
108 RM Portugal Fernandes
39%
105 RB Spain Carvajal
37%
105 ST Uruguay Suarez
37%
108 CDM Morocco Amrabat
35%
100 ST Senegal Dia
35%
105 CAM Germany Muller
35%
104 ST Uruguay Cavani
33%
108 CAM France Griezmann
33%
102 CM Spain Pedri
33%
103 CB Spain Rodri
33%
105 CB Germany Rudiger
33%
103 RW England Saka
33%
104 RM Wales Bale
30%
101 RW France Dembele
30%
105 CF Belgium Hazard
30%
106 CB Senegal Koulibaly
30%
104 RB France Kounde
30%
102 ST Belgium Lukaku
30%
105 ST Spain Morata
30%
103 LW United States Pulisic
30%
104 LW England Rashford
30%
105 CB France Varane
30%
102 ST Canada David
28%
105 CB The Netherlands De Ligt
28%
101 CDM Argentina Fernandez
28%
102 ST France Giroud
28%
102 LM Portugal Leao
28%
99 GK France Lloris
28%
101 CB Brazil Militao
28%
105 LM Germany Musiala
28%
102 GK England Pickford
28%
105 LW England Sterling
28%
104 GK Brazil Alisson
26%
102 RB Portugal Cancelo
26%
105 ST The Netherlands Depay
26%
105 CM United States McKennie
26%
104 RB France Pavard
26%
105 GK Denmark Schmeichel
26%
104 ST Serbia Vlahovic
26%
99 LB Argentina Acuna
24%
99 ST Qatar Ali
24%
105 CM Brazil Casemiro
24%
104 RB United States Dest
24%
104 CB Portugal Dias
24%
102 CAM Denmark Eriksen
24%
98 CM Spain Gavi
24%
102 RM Germany Gnabry
24%
102 GK Senegal | 93 CDM Senegal Mendy
24%
105 ST Serbia Mitrovic
24%
104 GK Mexico Ochoa
24%
101 LB England Shaw
24%
102 CB Germany Sule
24%
105 CM France Tchouameni
24%
102 RB England Walker
24%
104 LB Spain Alba
22%
101 CM Argentina De Paul
22%
103 LM Portugal Felix
22%
102 GK Costa Rica Navas
22%
105 CM Brazil Paqueta
22%
102 LW Croatia Perisic
22%
99 ST Portugal Ramos
22%
103 RW Spain | 97 CB Ecuador Torres
22%
102 ST The Netherlands Weghorst
22%
100 ST Ghana | 97 LWB Wales Williams
22%
99 CDM United States Adams
20%
105 CB The Netherlands Ake
20%
100 CM Denmark Hojbjerg
20%
102 LM Serbia Kostic
20%
102 CM Croatia Kovacic
20%
103 CM Argentina Mac Allister
20%
101 ST Uruguay Nunez
20%
101 CB Argentina Otamendi
20%
102 CB Portugal Pepe
20%
99 CM England Rice
20%
100 GK Spain Simon
20%
102 GK Switzerland Sommer
20%
105 GK Poland Szczesny
20%
104 RW Morocco Ziyech
20%
101 CDM Croatia Brozovic
17%
102 CDM Spain Busquets
17%
104 LB Portugal Guerreiro
17%
103 ST Germany Havertz
17%
102 CB Denmark Kjaer
17%
101 CM Serbia | 97 GK Serbia Milinkovic-Savic
17%
101 CM France Rabiot
17%
98 LB Switzerland Rodriguez
17%
95 RB Mexico Sanchez
17%
102 CB France Upamecano
17%
104 LM Saudi Arabia Al Dawsari
15%
101 GK Morocco Bounou
15%
104 LM Belgium Carrasco
15%
98 GK Portugal Costa
15%
99 RB Brazil Danilo
15%
105 CM Denmark Delaney
15%
104 CB England Dier
15%
99 RWB The Netherlands Dumfries
15%
96 LM Wales James
15%
100 RW Croatia Kramaric
15%
104 CAM Ghana Kudus
15%
102 RW Mexico Lozano
15%
98 RB Argentina Molina
15%
102 CAM England Mount
15%
101 CM United States Musah
15%
102 RW Brazil Raphinha
15%
98 LB Germany Raum
15%
101 GK Australia Ryan
15%
103 ST Iran Taremi
15%
100 CB The Netherlands Timber
15%
103 CB Switzerland Akanji
13%
100 RB Brazil Alves
13%
102 CM Uruguay Bentancur
13%
98 RM Japan Doan
13%
102 CDM Japan Endo
13%
99 ST Morocco En-Nesyri
13%
99 CB Spain Garcia
13%
90 CDM Ecuador Gruezo
13%
101 CM Senegal Gueye
13%
101 CB South Korea Jae
13%
99 ST Mexico Jimenez
13%
101 CB Spain Laporte
13%
99 ST Canada Larin
13%
99 RW Australia Leckie
13%
99 LM Japan Minamino
13%
99 LW Spain Olmo
13%
98 CAM Wales Ramsey
13%
96 RWB Wales Roberts
13%
100 CB Argentina Romero
13%
103 CAM Serbia Tadic
13%
99 CM Belgium Tielemans
13%
99 RW United States Weah
13%
101 CM Belgium Witsel
13%
101 CAM Poland Zielinski
13%
99 ST Cameroon Aboubakar
11%
90 GK Qatar Al Sheeb
11%
99 LW Morocco Boufal
11%
99 CB Tunisia Bronn
11%
102 RM Canada Buchanan
11%
99 CDM Ecuador Caicedo
11%
100 RB Poland Cash
11%
101 CB Denmark Christensen
11%
101 LW Senegal Diatta
11%
99 ST Denmark Dolberg
11%
101 ST Switzerland Embolo
11%
96 CAM Ecuador Estrada
11%
100 LB Ecuador Estupinan
11%
103 LW Australia Goodwin
11%
103 CDM Germany Gundogan
11%
99 CB Ecuador Hincapie
11%
97 RM Japan Ito
11%
101 RB Germany Kehrer
11%
99 ST Tunisia Khazri
11%
95 RB Denmark Kristensen
11%
98 GK Croatia Livakovic
11%
98 LB Denmark Maehle
11%
92 CB Canada Miller
11%
99 ST Wales Moore
11%
102 CDM Argentina Paredes
11%
98 LB United States Robinson
11%
100 LB Brazil Sandro
11%
99 RW Switzerland Shaqiri
11%
97 LB Croatia Sosa
11%
91 ST South Korea | 97 CAM South Korea Sung
11%
101 RB Japan Tomiyasu
11%
100 GK United States Turner
11%
99 ST Ecuador Valencia
11%
101 CB United States Zimmerman
11%
93 LB Canada Adekugbe
9%
97 LW Qatar Afif
9%
95 CB Morocco Aguerd
9%
97 CB Belgium Alderweireld
9%
100 RW Qatar Al Haydos
9%
95 GK Saudi Arabia Al Owais
9%
95 CB Ghana Amartey
9%
95 CB Wales Ampadu
9%
99 LM Ghana | 99 RM Ghana Ayew
9%
99 ST Iran Azmoun
9%
95 LB Poland Bereszynski
9%
101 CM The Netherlands Berghuis
9%
102 RW The Netherlands Bergwijn
9%
96 LWB The Netherlands Blind
9%
94 CDM Costa Rica Borges
9%
99 GK Canada Borjan
9%
99 ST Costa Rica Campbell
9%
101 CDM Portugal Carvalho
9%
98 RM Belgium Castagne
9%
100 CB Cameroon Castelletto
9%
98 ST Cameroon Choupo-Moting
9%
99 LW Denmark Damsgaard
9%
99 RM Uruguay De Arrascaeta
9%
99 LM Uruguay De la Cruz
9%
97 CB Belgium Dendoncker
9%
97 ST Australia Duke
9%
99 LM Iran Gholizadeh
9%
99 CB Uruguay Gimenez
9%
97 CB Uruguay Godin
9%
93 GK Japan Gonda
9%
93 GK South Korea Gyu
9%
102 CM Mexico Herrera
9%
99 RM Germany Hofmann
9%
90 CB Iran Hosseini
9%
97 CDM Canada Hutchinson
9%
90 RB South Korea Hwan
9%
91 RB Canada Johnston
9%
99 RB Croatia Juranovic
9%
97 ST Croatia Livaja
9%
96 CB United States Long
9%
95 CB Croatia Lovren
9%
97 CM Serbia Lukic
9%
97 CB Qatar Miguel
9%
90 RWB Qatar Mohammad
9%
99 GK The Netherlands Noppert
9%
90 LB Cameroon Nouhou
9%
90 CM Morocco Ounahi
9%
98 GK The Netherlands Pasveer
9%
98 ST Croatia Petkovic
9%
96 RM Ecuador Plata
9%
94 CB Wales Rodon
9%
96 CAM Costa Rica Ruiz
9%
99 CB Ghana Salisu
9%
99 RW Senegal Sarr
9%
99 CDM Tunisia Skhiri
9%
99 ST Poland Swiderski
9%
91 CDM Japan Tanaka
9%
99 CB Belgium Vertonghen
9%
90 CB Canada Vitoria
9%
98 LM Poland Zalewski
9%
97 CAM Saudi Arabia Al Faraj
7%
97 CDM Wales Allen
7%
99 LB Saudi Arabia Al Shahrani
7%
92 CM Morocco Amallah
7%
99 LM Iran Amiri
7%
95 ST Japan Asano
7%
92 LB Australia Behich
7%
95 GK Iran Beiranvand
7%
92 LM Costa Rica Bennette
7%
96 CM South Korea Beom
7%
97 CM Qatar Boudiaf
7%
93 RB Uruguay Caceres
7%
93 CB Costa Rica Calvo
7%
99 RW South Korea Chan
7%
96 CM Mexico Chavez
7%
94 ST Costa Rica Contreras
7%
99 CB Senegal Diallo
7%
91 RB Tunisia Drager
7%
97 CB Costa Rica Duarte
7%
96 CB Switzerland Elvedi
7%
90 GK Cameroon Epassy
7%
97 CDM Canada Eustaquio
7%
91 CM Iran Ezatolahi
7%
91 RB Cameroon Fai
7%
97 ST United States Ferreira
7%
97 CDM Switzerland Freuler
7%
95 RM Costa Rica Fuller
7%
92 GK Ecuador Galindez
7%
97 CB Poland Glik
7%
99 CM Serbia Gudelj
7%
92 CB South Korea Gwon
7%
92 LWB Qatar Hassan
7%
94 CM Qatar Hatem
7%
96 GK Wales Hennessey
7%
92 CM Cameroon Hongla
7%
91 CM Australia Irvine
7%
103 CAM Japan Kamada
7%
93 CB Qatar Khoukhi
7%
93 CB Poland Kiwior
7%
97 CDM Senegal Kouyate
7%
97 CDM Poland Krychowiak
7%
97 CDM Tunisia Laidouni
7%
100 LB Morocco Mazraoui
7%
95 CAM Ecuador Mena
7%
96 CB Tunisia Meriah
7%
92 RB Iran Moharrami
7%
97 CB Mexico Montes
7%
99 CDM Australia Mooy
7%
99 LB Japan Nagatomo
7%
93 CM Iran Nourollahi
7%
95 LB Uruguay Olivera
7%
97 RW Denmark Olsen
7%
91 LB Costa Rica Oviedo
7%
90 CB Serbia Pavlovic
7%
91 RB Ecuador Preciado
7%
96 GK Uruguay Rochet
7%
96 CB Morocco Saiss
7%
91 CB Qatar Salman
7%
94 CM Tunisia Sassi
7%
93 RW Tunisia Sliti
7%
96 CB Australia Souttar
7%
100 CM Switzerland Sow
7%
92 CB Tunisia Talbi
7%
97 CDM Costa Rica Tejeda
7%
99 LM Cameroon Toko Ekambi
7%
95 LW Switzerland Vargas
7%
93 CB Serbia Veljkovic
7%
94 RB Switzerland Widmer
7%
93 CB Japan Yoshida
7%
91 CM South Korea Young
7%
99 CM Cameroon Zambo Anguissa
7%
97 RM Serbia Zivkovic
7%
90 RB Australia Atkinson
4%
90 GK Tunisia Dahmen
4%
100 ST Germany Fullkrug
4%
94 LB Mexico Gallardo
4%
96 CM Mexico Guardado
4%
93 LB Tunisia Maaloul
4%
101 RM Cameroon Mbeumo
4%
98 CB Wales Mepham
4%
99 CB Mexico Moreno
4%
102 LW Tunisia Msakni
4%
93 RB Senegal Sabaly
4%
90 CAM Saudi Arabia Al Abed
2%
90 CB Saudi Arabia Al Bulayhi
2%
92 RM Poland Kaminski
2%
96 CM Australia McGree
2%
92 LWB Ghana Rahman
2%
91 CB Saudi Arabia Tombakti
2%
91 GK Ghana Zigi
2%
94 RB Saudi Arabia Abdulhamid
0%
91 CDM Ghana Abdul Samed
0%
93 RM Saudi Arabia Al Birekan
0%
92 CM Saudi Arabia Al Maliki
0%
99 CB Denmark Andersen
0%
94 LB Iran Haji Safi
0%
92 LM Ecuador Ibarra
0%
94 CB Japan Itakura
0%
102 RM Iran Jahanbaksh
0%
97 LB Senegal Jakobs
0%
94 RWB Ghana Lamptey
0%
94 CB Cameroon Nkoulou
0%
90 CB Iran Pouraliganji
0%
91 CB Australia Rowles
0%
94 LW Mexico Vega
0%
No matching quizzes found
Score Distribution
Percent of People with Each Score
Percentile by Number Answered
Your Score History
You have not taken this quiz